书目信息 |
| 题名: |
增塑剂配方工艺与应用实例
|
|
| 作者: | 汪多仁 编著 | |
| 分册: | ||
| 出版信息: | 北京 印刷工业出版社 2013 |
|
| 页数: | 207页 | |
| 开本: | 21cm | |
| 丛书名: | 塑料改性与配方丛书 | |
| 单 册: | ||
| 中图分类: | TQ414 | |
| 科图分类: | ||
| 主题词: | 增塑剂--化工生产--配方 , 增塑剂--化工生产--生产工艺 , 增塑剂 , 化工生产 | |
| 电子资源: | ||
| ISBN: | 978-7-5142-0673-9 | |
| 000 | 00949nam0 2200289 450 | |
| 001 | 012015000809 | |
| 005 | 20150914085713.46 | |
| 010 | @a978-7-5142-0673-9@dCNY25.00 | |
| 100 | @a20140429d2013 em y0chiy50 ea | |
| 101 | 0 | @achi |
| 102 | @aCN@b110000 | |
| 105 | @ay z 000yy | |
| 106 | @ar | |
| 200 | 1 | @a增塑剂配方工艺与应用实例@Azeng su ji pei fang gong yi yu ying yong shi li@f汪多仁编著 |
| 210 | @a北京@c印刷工业出版社@d2013 | |
| 215 | @a207页@d21cm | |
| 225 | 1 | @a塑料改性与配方丛书 |
| 330 | @a本书讲述了增塑剂醇、增塑剂酸、环己烷二羧酸脂、柠檬酸脂、环氧增塑剂、对苯二甲酸酯、复合苯甲酸酯、环氧乙烷加成增塑剂、其他增塑剂共9章内容。 | |
| 461 | 0 | @12001 @a塑料改性与配方丛书 |
| 606 | 0 | @a增塑剂@x化工生产@x配方 |
| 606 | 0 | @a增塑剂@x化工生产@x生产工艺 |
| 606 | 0 | @a增塑剂 |
| 606 | 0 | @a化工生产 |
| 690 | @aTQ414@v5 | |
| 701 | 0 | @a汪多仁@Awang duo ren@4编著 |
| 801 | 0 | @aCN@b碧洲教育@c20150718 |
| 905 | @a10447@f3@dTQ414@e7 | |
| 增塑剂配方工艺与应用实例/汪多仁编著.-北京:印刷工业出版社,2013 |
| 207页;21cm.-(塑料改性与配方丛书) |
| ISBN 978-7-5142-0673-9:CNY25.00 |
| 本书讲述了增塑剂醇、增塑剂酸、环己烷二羧酸脂、柠檬酸脂、环氧增塑剂、对苯二甲酸酯、复合苯甲酸酯、环氧乙烷加成增塑剂、其他增塑剂共9章内容。 |
| ● |
| 相关链接 |
|
|
|
|
正题名:增塑剂配方工艺与应用实例
索取号:TQ414/7
 
预约/预借
| 序号 | 登录号 | 条形码 | 馆藏地/架位号 | 状态 | 备注 |
| 1 | 0847948 | 208479485 | 第二样本阅览室/ [索取号:TQ414/7] | 在馆 | |
| 2 | 0847949 | 208479494 | 第三借阅区/ [索取号:TQ414/7] | 在馆 | |
| 3 | 0847950 | 208479500 | 密集书库-生命科学系/ [索取号:TQ414/7] | 在馆 |